000 00563nam a22001817a 4500
003 OSt
005 20260306015622.0
008 260306b |||||||| |||| 00| 0 eng d
020 _a978-971-510-338-1
040 _aDWC-Main lib
_cOC
082 _aSC. 922 L429r 2025
100 _aLayugan, Michael G.
245 _aReminiscence
_cMichael G. Layugan
260 _amanila, Philippines:
_bLogos Publications, Inc.,
_cc2025.
300 _a348 pages:
_billustrations;
_c30 cm.
650 _a1, Christian missionaries--Society of Divine Word.
942 _2ddc
_cSC
_kSC
_n0
999 _c8654
_d8654